000 00466nam a2200169 i 4500
001 76470
003 ES-MaACL
005 20250910063105.0
007 t|
008 041001s1970 sp ||||1| spa d
100 1 _aGrosso, Alfonso,
_d1928-1995
_960189
245 1 0 _aGuarnición de silla /
_cAlfonso Grosso.
260 _a[Barcelona] :
_bEdhasa,
_c1970.
300 _a190 p. ;
_c22 cm.
852 _aES-MaACL
_jC-3887-9
_bR.73875
999 _c76470
_d76470